00389nam a2200157Ia 4500003000400000005001700004008004000021020001500061040000700076082001900083100001700102245005900119250000600178260003100184300001600215OSt20250812160555.0210210b2010 xxu||||| |||| 00| 0 eng d a8176560723 cAL a001.6424O BAYS aBayross Ivan aSQL PL/SQL the programming language of Oracle Rev Ed 4 a4 aNDbBPB Publicationsc2010 axii,470,xip